50 Closing Lines Quiz Stats

 Plays Quiz Updated Jan 11, 2019

Support Sporcle.
Go Orange.
Score 0/50 Timer 12:00
4 Plays Today
% Correct
The Wizard of Oz
94.8%
Casino Royale (2006)
90.7%
The Silence of the Lambs
82.5%
Rocky Balboa (2006)
81.8%
Back to the Future
73.8%
King Kong
72.2%
Home Alone
67.7%
Alien
67.1%
Apollo 13
66.1%
The Dark Knight
63.4%
Casablanca
61.3%
Spider-Man
60%
The Usual Suspects
50.2%
Scarface (1983)
48.3%
Lethal Weapon
47.9%
Planet of the Apes (1968)
45.7%
Ring, The
40.7%
The Social Network
38.1%
The Green Mile
37.7%
Clerks.
35.5%
Apocalypse Now
34.8%
E.T.: The Extra-Terrestrial
34.1%
Fight Club
33.4%
GoodFellas
32.8%
Psycho
30.7%
% Correct
Road to Perdition
30.6%
Gangs of New York
29.7%
Toy Story 3
29.6%
Insomnia
29.4%
Some Like It Hot
28.6%
Inglourious Basterds
27.9%
A Clockwork Orange
27.4%
The Matrix
24.3%
The Italian Job (1969)
22.8%
Shutter Island
21.6%
Memento
21.1%
American Beauty
20%
Se7en
19.5%
The Maltese Falcon
17.7%
L.A. Confidential
17.2%
Before Sunset
16%
Raging Bull
14.4%
The Godfather Part II
14.3%
Gandhi
12.3%
The Bridge on the River Kwai
11.3%
The Thing (1982)
11%
Magnum Force
10.5%
Citizen Kane
10.2%
Million Dollar Baby
9.4%
Cape Fear (1991)
6.3%

You're not logged in!

Compare scores with friends on all Sporcle quizzes.
OR
Log In
Forgot?

From the Vault

US City Meanings

by Thebiguglyalien

Geography and etymology unite.
Remove Ads.
Support Sporcle.
Get the best of Sporcle when you Go Orange. This ad-free experience offers more features, more stats, and more fun while also helping to support Sporcle. Thank you for becoming a member.

Show Comments

Extras

Top Quizzes Today


Score Distribution

Your Account Isn't Verified!

In order to create a playlist on Sporcle, you need to verify the email address you used during registration. Go to your Sporcle Settings to finish the process.

Report this User

Report this user for behavior that violates our Community Guidelines.

Details: